Business Environment (Record no. 11124)
[ view plain ]
| 000 -LEADER | |
|---|---|
| fixed length control field | 00409nam a22001697a 4500 |
| 003 - CONTROL NUMBER IDENTIFIER | |
| control field | OSt |
| 008 - FIXED-LENGTH DATA ELEMENTS--GENERAL INFORMATION | |
| fixed length control field | 220409b ||||| |||| 00| 0 eng d |
| 020 ## - INTERNATIONAL STANDARD BOOK NUMBER | |
| International Standard Book Number | 978174463753 |
| 082 ## - DEWEY DECIMAL CLASSIFICATION NUMBER | |
| Classification number | 650 BER |
| 100 ## - MAIN ENTRY--PERSONAL NAME | |
| Personal name | BEDI, Suresh. |
| 245 ## - TITLE STATEMENT | |
| Title | Business Environment |
| 250 ## - EDITION STATEMENT | |
| Edition statement | Reprint |
| Remainder of edition statement | 2019 |
| 260 ## - PUBLICATION, DISTRIBUTION, ETC. (IMPRINT) | |
| Place of publication, distribution, etc | New Delhi |
| Name of publisher, distributor, etc | Excel Books Private Limited |
| Date of publication, distribution, etc | 2019 |
| 300 ## - PHYSICAL DESCRIPTION | |
| Extent | 656 |
| 650 ## - SUBJECT ADDED ENTRY--TOPICAL TERM | |
| Topical term or geographic name as entry element | Economics |
| 942 ## - ADDED ENTRY ELEMENTS (KOHA) | |
| Source of classification or shelving scheme | Dewey Decimal Classification |
| Koha item type | Text Books |
| 942 ## - ADDED ENTRY ELEMENTS (KOHA) | |
| -- | 1 |
| Withdrawn status | Lost status | Source of classification or shelving scheme | Damaged status | Not for loan | Collection code | Home library | Current library | Date acquired | Source of acquisition | Currency | Cost, normal purchase price | Bill Number | Total Checkouts | Full call number | Acc. no. / Barcode | Date last seen | Actual Cost, discounted price | Bill Date | Koha item type | Date last borrowed |
|---|---|---|---|---|---|---|---|---|---|---|---|---|---|---|---|---|---|---|---|---|
| Dewey Decimal Classification | B.A Economics | PIET NCR College Library | PIET NCR College Library | 01/04/2022 | Kirti Prakashan | Indian Rup | 995.00 | N3 | 650 BER | N2107 | 09/04/2022 | 265.00 | 09/04/2022 | Text Books | ||||||
| Dewey Decimal Classification | B.A Economics | PIET NCR College Library | PIET NCR College Library | 01/04/2022 | Kirti Prakashan | Indian Rup | 995.00 | N3 | 650 BER | N2108 | 09/04/2022 | 265.00 | 09/04/2022 | Text Books | ||||||
| Dewey Decimal Classification | B.A Economics | PIET NCR College Library | PIET NCR College Library | 01/04/2022 | Kirti Prakashan | Indian Rup | 995.00 | N3 | 650 BER | N2109 | 09/04/2022 | 265.00 | 09/04/2022 | Text Books | ||||||
| Dewey Decimal Classification | B.A Economics | PIET NCR College Library | PIET NCR College Library | 01/04/2022 | Kirti Prakashan | Indian Rup | 995.00 | N3 | 1 | 650 BER | N2110 | 07/11/2025 | 265.00 | 09/04/2022 | Text Books | 27/10/2025 | ||||
| Dewey Decimal Classification | B.A Economics | PIET NCR College Library | PIET NCR College Library | 01/04/2022 | Kirti Prakashan | Indian Rup | 995.00 | N3 | 2 | 650 BER | N2111 | 04/01/2024 | 265.00 | 09/04/2022 | Text Books | 01/01/2024 |